000 00305nam a22001337a 4500
008 181012b xxu||||| |||| 00| 0 eng d
020 _a9781506202075
041 _aeng
080 _a610.73
100 _a2
101 _aINF
245 _aNCLEX-RN Content Review Guide
_cKAPLAN Nursing
942 _2udc
_cBK
999 _c49566
_d49566